00864nam a2200181 a 450000100100000000500170001000800410002704000250006808200140009310000280010724500950013526000670023030000200029795201180031795201120043595201180054799900170066500003949420201002031658.0130905s2013 dr 000 0 spa d aDO-SdBNPbspacBNPHU axxxxbxxx1 aSolano, Juana A.95549010aSalud integral de niños, niñas y adolescentes :bmanual práctico /cJuana A. Solano. aSanto Domingo, :bUniversidad Católica Santo Domingo,c2013. a75 p. ;c28 cm. 0010718DSaGRbGRcCTd2013-11-19iLF1l0oxxxx xxxp39494-30r2020-06-25te. 3w2020-06-25yLFDSZNo se presta 0010718PDaPDbPDcCTd2013-07-03iLF1l0oxxxx xxxp39494-10r2020-06-25w2020-06-25yLFPDZNo se presta 0010718PDaPDbPDcCTd2013-07-03iLF1l0oxxxx xxxp39494-20r2020-06-25te. 2w2020-06-25yLFPDZNo se presta c38984d38984